<?xml version="1.0" encoding="UTF-8"?><?xml-stylesheet type="text/xsl" href="static/style.xsl"?><OAI-PMH xmlns="http://www.openarchives.org/OAI/2.0/" xmlns:xsi="http://www.w3.org/2001/XMLSchema-instance" xsi:schemaLocation="http://www.openarchives.org/OAI/2.0/ http://www.openarchives.org/OAI/2.0/OAI-PMH.xsd"><responseDate>2026-04-14T19:28:56Z</responseDate><request verb="GetRecord" identifier="oai:uvadoc.uva.es:10324/9632" metadataPrefix="marc">https://uvadoc.uva.es/oai/request</request><GetRecord><record><header><identifier>oai:uvadoc.uva.es:10324/9632</identifier><datestamp>2021-06-30T08:02:44Z</datestamp><setSpec>com_10324_6401</setSpec><setSpec>com_10324_5186</setSpec><setSpec>com_10324_29291</setSpec><setSpec>col_10324_6409</setSpec></header><metadata><record xmlns="http://www.loc.gov/MARC21/slim" xmlns:doc="http://www.lyncode.com/xoai" xmlns:xsi="http://www.w3.org/2001/XMLSchema-instance" xmlns:dcterms="http://purl.org/dc/terms/" xsi:schemaLocation="http://www.loc.gov/MARC21/slim http://www.loc.gov/standards/marcxml/schema/MARC21slim.xsd">
<leader>00925njm 22002777a 4500</leader>
<datafield tag="042" ind1=" " ind2=" ">
<subfield code="a">dc</subfield>
</datafield>
<datafield tag="720" ind1=" " ind2=" ">
<subfield code="a">Oliva Herrer, Hipólito Rafael</subfield>
<subfield code="e">author</subfield>
</datafield>
<datafield tag="720" ind1=" " ind2=" ">
<subfield code="a">Challet, Vincent</subfield>
<subfield code="e">author</subfield>
</datafield>
<datafield tag="260" ind1=" " ind2=" ">
<subfield code="c">2005</subfield>
</datafield>
<datafield tag="024" ind2=" " ind1="8">
<subfield code="a">Edad Media: revista de historia, 2005, N.7, pags.75-100</subfield>
</datafield>
<datafield tag="024" ind2=" " ind1="8">
<subfield code="a">1138-9621</subfield>
</datafield>
<datafield tag="024" ind2=" " ind1="8">
<subfield code="a">http://uvadoc.uva.es/handle/10324/9632</subfield>
</datafield>
<datafield tag="024" ind2=" " ind1="8">
<subfield code="a">75</subfield>
</datafield>
<datafield tag="024" ind2=" " ind1="8">
<subfield code="a">7</subfield>
</datafield>
<datafield tag="024" ind2=" " ind1="8">
<subfield code="a">100</subfield>
</datafield>
<datafield tag="024" ind2=" " ind1="8">
<subfield code="a">Edad Media: revista de historia</subfield>
</datafield>
<datafield ind1=" " ind2=" " tag="653">
<subfield code="a">Edad Media</subfield>
</datafield>
<datafield tag="245" ind1="0" ind2="0">
<subfield code="a">La sociedad política y el mundo rural a fines de la Edad Media</subfield>
</datafield>
</record></metadata></record></GetRecord></OAI-PMH>